10 Lowest U.S. States - Statistics

General Stats
  • This quiz has been taken 40 times
  • The average score is 9 of 10
Answer Stats
Hint Answer % Correct
Britton Hill 345 ft. Florida
95%
Hoosier Hill 1,257 ft. Indiana
92%
Woodall Mountain 806 ft. Mississippi
92%
Ebright Azimuth 448 ft. Delaware
89%
Charles Mound 1,235 ft. Illinois
89%
Hawkeye Point 1,670 ft. Iowa
89%
Driskill Mountain 535 ft. Louisiana
89%
Campbell Hill 1,549 ft. Ohio
89%
Jerimoth Hill 811 ft. Rhode Island
86%
Taum Sauk Mountain 1,772 ft. Missouri
84%
No matching quizzes found
Score Distribution
Percent of People with Each Score
Percentile by Number Answered
Your Score History
You have not taken this quiz